How to know the freshwater algae / (Record no. 7189)

MARC details
000 -LEADER
fixed length control field 00782cam a2200265 i 4500
001 - CONTROL NUMBER
control field 833805
003 - CONTROL NUMBER IDENTIFIER
control field OSt
005 - DATE AND TIME OF LATEST TRANSACTION
control field 20210909104725.0
008 - FIXED-LENGTH DATA ELEMENTS--GENERAL INFORMATION
fixed length control field 780825s1978 iaua b 001 0 eng
010 ## - LIBRARY OF CONGRESS CONTROL NUMBER
LC control number 77091275
020 ## - INTERNATIONAL STANDARD BOOK NUMBER
International Standard Book Number 0697047555.
-- 0697047547
040 ## - CATALOGING SOURCE
Original cataloging agency DLC
Transcribing agency DDC
Modifying agency DLC
050 00 - LIBRARY OF CONGRESS CALL NUMBER
Classification number QK567
Item number .P7 1978
082 00 - DEWEY DECIMAL CLASSIFICATION NUMBER
Classification number 579.8PRE1978
100 1# - MAIN ENTRY--PERSONAL NAME
Personal name Prescott, G. W.
Fuller form of name (Gerald Webber),
Dates associated with a name 1899-
9 (RLIN) 14782
245 10 - TITLE STATEMENT
Title How to know the freshwater algae /
Statement of responsibility, etc. Edited by Prescott G.W.
250 ## - EDITION STATEMENT
Edition statement 3d ed.
260 ## - PUBLICATION, DISTRIBUTION, ETC. (IMPRINT)
Place of publication, distribution, etc. Dubuque, Iowa :
Name of publisher, distributor, etc. W. C. Brown,
Date of publication, distribution, etc. c1978.
300 ## - PHYSICAL DESCRIPTION
Extent x,293p.
Other physical details ill. ;
Dimensions 23 cm.
490 0# - SERIES STATEMENT
Series statement The Pictured key nature series
504 ## - BIBLIOGRAPHY, ETC. NOTE
Bibliography, etc Includes; index
650 #0 - SUBJECT ADDED ENTRY--TOPICAL TERM
Topical term or geographic name as entry element Biology
9 (RLIN) 5602
906 ## - LOCAL DATA ELEMENT F, LDF (RLIN)
a 7
b cbc
c orignew
d 2
e opcn
f 19
g y-gencatlg
942 ## - ADDED ENTRY ELEMENTS (KOHA)
Source of classification or shelving scheme Dewey Decimal Classification
Koha item type Open Shelf
Holdings
Withdrawn status Lost status Source of classification or shelving scheme Damaged status Not for loan Home library Current library Date acquired Source of acquisition Inventory number Total Checkouts Full call number Barcode Date last seen Price effective from Koha item type
    Dewey Decimal Classification     MUST Main Library MUST Main Library 09/09/2021 purchase 05/23969   579.8PRE1978 2021-1010 09/09/2021 09/09/2021 Open Shelf